000 01184pab a2200157 454500
008 180718b2000 xxu||||| |||| 00| 0 eng d
100 _aSangmi, Mohi-ud-din
245 _aCorporate governance in India - a 21st century perspective
260 _c2000
300 _ap.55-76
520 _aCorporate governance is a buzz word in the business and corporate circles nowadays. A company is now considered a social institution, interacting with the society in many ways and affecting its citizens. This institution should be governed in a rational manner, is the concern of all concious citizens - shareholders, employees, creditors, customers and government. With the onset of new millennium corporate governance has been debated with added dimensions, the world over including India. In this paper, an attempt has been made to analyse the corporate governance practices in India and signal the organisations with the new challenges of the 21st century that would have a direct or indirect bearing on the corporate governance of Indian corporate. - Reproduced
650 _aFinancial markets - India - 21st century
650 _aManagement
773 _aBusiness Review
909 _a45481
999 _c45481
_d45481